000 00849nam0a2200253 4500
001 RU\NLR\BIBL_A\011717828
005 20250626115019.0
035 _a(NLR Aleph) 011717828
090 _a11466187
_c11466186
100 _a20180601d1952 |||y0rusy50 ca
101 0 _arus
102 _aRU
105 _aa z 000zy
200 1 _aАктинидия
210 _aМосква
_cСельхозгиз
_d1952
215 _a40 с.
_cил.
_d20
606 1 _aАктинидии
_xКультура
_9929618
_3RU\NLR\AUTH\6623520
686 1 _aП258.6-4
700 1 _7ca
_8rus
_aЯковлев-Сибиряк
_bИ.И.
_cбиолог
_gИннокентий Ильич
_9189904
_3RU\NLR\AUTH\770189955
852 _aNLR
_jС40 Г-4/1052
942 _cBOOK
980 _aNB